000 02216nam0a2200409 4500
001 RU\NLR\bibl\1055365
005 20260408192425.0
010 _a5-87417-225-4
_bВ пер.
_95000
021 _aRU
_b2007-2376
_9113
035 _a(NLR Aleph) 001042659
035 _a(nilc)RSL-KNO-003030416
090 _a828488
_c828488
100 _a20070213d2006 |||y0rusy50 ca
101 0 _arus
102 _aRU
105 _aa zzzz|||||
106 _ar
200 1 _aЗемля Тосненская
_eистория и современность
_f[А. Н. Чистиков (рук.), Р.В. Тихомирова, Г.И. Зиновьева и др.
_gвступ. слово Ю.В. Соколова]
210 _aСанкт-Петербург
_cЛики России
_d2006
215 _a319, [1] с.
_cил., портр., цв. ил.
_d28
320 _aБиблиогр.: с. 318-319 (115 назв.)
607 _aТосненский район (Ленинградская область)
_xИстория
_3RU\NLR\auth\661299830
_92159692
610 0 _aИстория. Исторические науки -- Российская Федерация -- Ленинградская область -- Тосненский район -- Альбом
610 0 _aНауки о Земле -- Региональный раздел наук о Земле -- Российская Федерация -- Ленинградская область -- Тосненский район -- Краеведческая характеристика -- Альбом
686 _aТ3(2Р-4Ле-5Тос)я61
_2rubbk
686 _aД9(2Р31-4Ле-5Тос)0я61
_2rubbk
686 _aТ3(2Р-4Ле)
701 1 _4070
_8rus
_7ca
_aЧистиков
_bА. Н.
_f1956-
_gАлександр Николаевич
_3RU\NLR\auth\7723054
_96108
701 1 _4070
_8rus
_7ca
_aТихомирова
_bР. В.
_cкраевед
_f1938-
_gРаиса Васильевна
_3RU\NLR\auth\7784637
_967565
701 1 _aЗиновьева
_bГ. И.
_4070
801 0 _aRU
_bРКП
_c20070213
_grcr
801 1 _aRU
_bРГБ
_c20070213
801 2 _aRU
_bNLR
_c20070307
_grcr
942 _cBOOK
980 _aNB